• 首页
  • 本馆介绍
  • 公告通知
  • 最新文献
  • 馆藏检索
  • 电子资源
  • 读者导购
  • 参考咨询
  • 我的图书馆
  • 登录
  • 详细信息显示
  • 放入我的书架
  • 预约/预借图书
  • 作者相关作品
  • 分类相关作品
  • 丛书相关作品
  • 出版社相关作品

书目信息

  • 表格格式
  • 工作单格式
  • 卡片格式
题名:
三万元打造百万婚礼
    
 
作者: 爱丽亚 编著
分册:  
出版信息: 上海   上海社会科学院出版社  2005.04
页数: 144页
开本: 24cm
丛书名:
单 册:
中图分类: K891.22
科图分类:
主题词: 结婚--礼仪--基本知识
电子资源:
ISBN: 7-80681-642-9
000 00858nam0 2200241 450
001 0104000022
005 20051012111123.1
010    @a7-80681-642-9@dCNY32.00
100    @a20081123d2005 ekmy0chiy0120 ea
101 0  @achi
102    @aCN@b310000
105    @aa z 000yy
106    @ar
200 1  @a三万元打造百万婚礼@ASan Wan Yuan Da Zao Bai Wan Hun Li@f爱丽亚编著@FAi Li Ya Bian Zhu
210    @a上海@c上海社会科学院出版社@d2005.04
215    @a144页@c照片@d24cm
330    @a本书介绍了“别墅”、“野外”、“主题音乐”、“烛光”、“教堂”和“酒吧”等六种婚典的类型描述、情趣点、区域布置、小饰物的选择、婚礼预算以及特别提示等内容;并简要介绍了婚礼文化等知识。
606 0  @a结婚@x礼仪@x基本知识
690    @aK891.22@v4
701  0 @a爱丽亚@AAi Li Ya@4编著
801  0 @aCN@bHTDF@c20081123
905    @aBZT@dK891.22@e3@f10
906    @dCNY32.00@n0@r1
    
    三万元打造百万婚礼/爱丽亚编著.-上海:上海社会科学院出版社,2005.04
    144页:照片;24cm
    
    
    ISBN 7-80681-642-9:CNY32.00
    本书介绍了“别墅”、“野外”、“主题音乐”、“烛光”、“教堂”和“酒吧”等六种婚典的类型描述、情趣点、区域布置、小饰物的选择、婚礼预算以及特别提示等内容;并简要介绍了婚礼文化等知识。
●
相关链接 在五车中查询图书 在当当中查询图书 在豆瓣中查询图书


正题名:三万元打造百万婚礼     索取号:K891.22/3         预约/预借

序号 登录号 条形码 馆藏地/架位号 状态 备注
1 713922   2000713922   中心书库南/015架A面1层3列/ [索取号:K891.22/3] 在馆    
2 713923   2000713923   中心书库南/015架A面1层3列/ [索取号:K891.22/3] 在馆    
3 713924   2000713924   中心书库南/015架A面1层3列/ [索取号:K891.22/3] 在馆    
4 713925   2000713925   中心书库南/015架A面1层3列/ [索取号:K891.22/3] 在馆    
5 713926   2000713926   中心书库南/015架A面1层3列/ [索取号:K891.22/3] 在馆    
6 713927   2000713927   中心书库南/015架A面1层3列/ [索取号:K891.22/3] 在馆    
7 713928   2000713928   中心书库南/015架A面1层3列/ [索取号:K891.22/3] 在馆    
8 713929   2000713929   中心书库南/015架A面1层3列/ [索取号:K891.22/3] 在馆    
9 713930   2000713930   中心书库南/015架A面1层3列/ [索取号:K891.22/3] 在馆    
10 713931   2000713931   中心书库南/015架A面1层3列/ [索取号:K891.22/3] 在馆    
山东省滨州职业学院图书馆 欢迎您!
大连网信软件有限公司© 版权所有